000 00201nam a2200097Ia 4500
008 240331s9999 xx 000 0 und d
082 _bIVA
100 _aIvan,V
245 0 _aParadise in tears
942 _cL
999 _c4956
_d4956